Every Lucy Dacus Song - Statistics

General Stats
  • This quiz has been taken 130 times
  • The average score is 26 of 42
Answer Stats
Hint Answer % Correct
1 Night Shift
98%
1 Hot & Heavy
92%
2 Christine
90%
11 Triple Dog Dare
88%
9 Brando
87%
4 VBS
86%
1 I Don't Wanna Be Funny Anymore
83%
6 Thumbs
81%
2 Believe - Spotify Singles
80%
10 Historians
77%
2 Addictions
75%
7 Going Going Gone
75%
10 Please Stay
75%
3 First Time
73%
5 Cartwheel
71%
3 My Mother & I
71%
4 Nonbeliever
70%
8 Partner in Crime
69%
1 Partner In Crime - Spotify Singles
69%
1 Fool's Gold
63%
9 Pillar of Truth
63%
1 Kissing Lessons
62%
3 The Shell
61%
6 Body to Flame
60%
7 Timefighter
60%
7 Last Christmas
57%
2 La Vie En Rose
52%
2 Troublemaker Doppelganger
52%
5 Dancing In The Dark
51%
5 Yours & Mine
51%
8 Next of Kin
49%
5 Dream State...
44%
4 Strange Torpedo
44%
6 Trust
44%
8 Direct Address
43%
7 Map On A Wall
43%
3 Green Eyes, Red Face
40%
9 ...Familiar Place
39%
1 Home Again
39%
4 Forever Half Mast
37%
6 In The Air Tonight
32%
2 It's Too Late
30%
No matching quizzes found
Score Distribution
Percent of People with Each Score
Percentile by Number Answered
Your Score History
You have not taken this quiz